[Event "Marienbad IM-II 2022"]
[Site "Marianske Lazne"]
[Date "2022.01.18"]
[Round "5.17"]
[White "Acor, Corey"]
[Black "Michalek, Jan"]
[Result "1-0"]
[WhiteElo "2303"]
[BlackElo "2240"]
[Annotator "TA"]
[PlyCount "105"]
[EventDate "2022.01.15"]
[EventType "tourn"]
[EventCountry "CZE"]
[SourceTitle "playchess.com"]
[Source "ChessBase"]
[SourceQuality "1"]

{[%evp 13,105,12,10,8,15,6,29,-27,-12,-26,18,0,47,24,31,26,27,20,31,31,34,31,36,36,47,25,46,22,31,16,16,0,0,-4,14,14,14,4,22,0,37,37,80,84,97,102,99,102,101,95,96,18,10,11,20,0,0,-42,-56,-63,5,-152,6,0,0,0,0,0,0,0,0,0,0,0,0,0,147,132,134,128,122,118,134,91,782,758,643,624,1592,1412,1127,1011,858,797]} 1. e4 c5 2. Nc3 Nc6 3. g3 g6 4. Bg2 Bg7 5. d3 d6 6. Be3 Qa5 7. Qd2 Rb8 8. Nf3 {B26: Closed Sicilian: 3 g3, lines with early Be3.} Bd7 9. O-O {[#]} Nd4 $146 ({Predecessor:} 9... b5 10. d4 b4 11. Nd1 Nf6 12. Ne1 cxd4 13. Bxd4 Nxd4 14. Qxd4 O-O 15. Nf3 Rfc8 {0-1 (59) Hegarty,S (1870)-Djabri,K (2064) West Bromwich 2003}) 10. Bxd4 (10. Rfb1 $142) 10... cxd4 $11 11. Ne2 {[%csl LRa5,LRd4]} Qb6 (11... Qxd2 $142 12. Nxd2 Nf6) 12. a4 a5 (12... e5 $11 {was preferrable.}) 13. c3 {[%cal Re2d4]} dxc3 14. bxc3 Nf6 15. Rfb1 Qc7 16. Nfd4 (16. c4 {is interesting.} O-O 17. Nc3 b6 18. Ra2 Ng4 19. Nb5) 16... O-O 17. Nb5 Bxb5 18. Rxb5 Nd7 19. Rab1 Rfc8 {[%cal Rg7c3]} 20. Qa2 b6 (20... Bxc3 $2 21. Rc1 $18) 21. Bh3 e6 22. d4 Qc4 23. R1b3 Re8 24. Nf4 Bh6 25. Bf1 Qc7 26. Nd3 Nf6 27. f3 {[%cal Bf2f3,Bf3f4][%mdl 32]} d5 (27... e5 $14) 28. e5 $16 Nd7 29. f4 Rec8 30. Qf2 Qd8 31. Nb2 Rc6 32. c4 (32. Qe1 $16) 32... dxc4 $1 $11 33. Rc3 Bf8 34. Rxc4 Rbc8 35. Qf3 (35. Rxc6 $11 Rxc6 36. Nc4) 35... Nb8 $1 $15 {White must now prevent ...Rxc4.} 36. Qe4 Bb4 (36... Ba3 $15 37. Rxc6 Nxc6) 37. Rxc6 $2 (37. Kg2 $11) 37... Rxc6 $2 ({Better is} 37... Nxc6 $17 38. d5 Na7) 38. Nd3 {Hoping for d5.} Rc4 39. Nxb4 Rxb4 40. Rxb4 axb4 41. Bc4 Qc7 42. d5 Qc5+ 43. Kg2 exd5 44. Bxd5 {Threatens to win with e6.} Nd7 (44... Kg7 $11) 45. e6 $16 Nf6 {[#]} 46. e7 $1 {[%mdl 512]} Kg7 47. Qe5 $36 {[%mdl 2048] White has strong initiative.} Qc2+ 48. Kh3 Qf5+ $2 {[%mdl 8192] A mistake that costs the game.} (48... Qc8+ $16 49. f5 (49. Kg2 Qc2+ 50. Kh3 Qc8+ 51. Kg2 Qc2+ $16) 49... gxf5) 49. Qxf5 $18 {Active counter play! White is clearly winning.} gxf5 {[#]} 50. Kg2 $1 Ne8 (50... h6 51. Kf3) 51. Bc6 b3 52. Bxe8 {White wants to mate with Bb5.} b2 53. Bb5 {Weighted Error Value: White=0.19 (very precise) /Black=0.26 (precise)} 1-0

[Event "Marienbad IM-II 2022"]
[Site "Marianske Lazne"]
[Date "2022.01.18"]
[Round "5.18"]
[White "Meszaros, Andras"]
[Black "Pisk, Petr"]
[Result "1/2-1/2"]
[WhiteElo "2205"]
[BlackElo "2328"]
[Annotator "TA"]
[PlyCount "39"]
[EventDate "2022.01.15"]
[EventType "tourn"]
[EventCountry "CZE"]
[SourceTitle "playchess.com"]
[Source "ChessBase"]
[SourceQuality "1"]

{[%evp 16,20,0,0,0,0,3]} 1. e4 d5 2. exd5 Nf6 3. c4 c6 {[%cal Bc7c6,Bc6d5][%mdl 32]} 4. d4 cxd5 5. Nc3 g6 6. Bg5 Bg7 7. Nf3 O-O 8. Bxf6 Bxf6 9. cxd5 Nd7 {B14: Caro-Kann: Panov-Botvinnik Attack with 5...e6 and 5...g6.} 10. Bc4 Nb6 {[#] Not much happened in this game.} {Predecessor:} 11. Bb3 $146 Bg4 12. O-O Rc8 13. Rb1 Qd7 14. Re1 Bxf3 15. Qxf3 Bxd4 16. Ne4 Bg7 17. Rbd1 Nc4 18. Bxc4 Rxc4 19. d6 exd6 20. Nxd6 {1-0 (54) Korobov,A (2695)-Sunilduth Lyna,N (2551) Dubai 2017} 1/2-1/2

[Event "Marienbad IM-II 2022"]
[Site "Marianske Lazne"]
[Date "2022.01.18"]
[Round "5.19"]
[White "Ochedzan, Tymon"]
[Black "Richter, Nils"]
[Result "1/2-1/2"]
[WhiteElo "2350"]
[BlackElo "2270"]
[Annotator "TA"]
[PlyCount "60"]
[EventDate "2022.01.15"]
[EventType "tourn"]
[EventCountry "CZE"]
[SourceTitle "playchess.com"]
[Source "ChessBase"]
[SourceQuality "1"]

{[%evp 14,60,27,25,31,17,37,35,50,32,47,0,0,10,22,18,56,92,101,94,138,128,127,89,83,0,0,0,0,0,0,0,0,-101,-93,-98,0,0,0,-99,0,-153,-6,-10,-27,-144,0,0,0]} 1. e4 c6 2. d4 d5 3. Nc3 dxe4 4. Nxe4 Nf6 5. Nxf6+ exf6 6. c3 Bd6 7. Bd3 O-O 8. Qc2 {Active counter play!} Re8+ {B15: Caro-Kann: 3 Nc3: 3...g6 and 3...dxe4 4 Nxe4 Nf6 5 Nxf6+ exf6.} 9. Ne2 h5 10. O-O h4 {White is slightly better.} 11. Nf4 Nd7 12. Qd1 (12. Bd2 $14) 12... g6 13. Nxg6 fxg6 14. Bxg6 Re7 15. Qh5 Nf8 16. Bh6 $1 {[#]} Rg7 $146 ({Predecessor:} 16... Be6 17. Rfe1 Qc7 18. Re4 Bxh2+ 19. Kh1 h3 20. Bxf8 Rxf8 21. Rh4 hxg2+ 22. Kxg2 Bd5+ 23. Kf1 Bc4+ 24. Kg2 Bd5+ 25. Kf1 {½-½ (25) Janik,I (2484)-Pultinevicius,P (2552) Legnica 2021}) 17. Bxg7 {Dancing on a razor blade.} Kxg7 18. Bd3 (18. Be8 Be6 19. d5 cxd5 $17) 18... Qd7 19. h3 {Prevents Qg4.} (19. Qxh4 $16 Qg4 20. Qxg4+ Bxg4 21. Rfe1) 19... Qf7 $11 20. Qxh4 Ng6 $1 21. Qh5 {[%cal Od4d5]} f5 22. Rfe1 Bd7 $1 23. Qg5 (23. Qd1 $11 {keeps the balance.}) 23... Rh8 $1 $17 {[%mdl 1024] And now ...Bf4 would win. Black has strong compensation.} 24. Qe3 Nh4 25. Qg5+ Ng6 {Threatens to win with ...Bf4.} 26. Qe3 Nh4 (26... Nf4 $17 {...Qg6 is the strong threat.} 27. Qg3+ Kf8) 27. d5 $2 {[#]} (27. Qg5+ $11 Ng6) 27... c5 ({Black should play} 27... Kf8 $1 $17 {[%cal Oh4g2] Hoping for ...Nxg2!} 28. Qd4 (28. Qg5 $2 Nf3+ 29. gxf3 Rg8 $19) 28... Rh6) 28. Qg5+ $11 Ng6 $1 29. Qe3 (29. Re6 $1 $11 {remains equal.} Bxe6 30. dxe6) 29... Nh4 ({But not} 29... Qxd5 $6 30. Rad1 Bc6 {[#]} 31. Be4 $1 (31. Qg5 Rh5 $17) 31... Qxe4 32. Qxe4 Bh2+ 33. Kxh2 $11) ({Better is} 29... f4 $17 30. Qd2 Qf6) 30. Qg5+ Ng6 $1 {Weighted Error Value: White=0.33/Black=0.25 (precise)} 1/2-1/2

[Event "Marienbad IM-II 2022"]
[Site "Marianske Lazne"]
[Date "2022.01.18"]
[Round "5.20"]
[White "Vojta, Jakub"]
[Black "Klek, Hanna Marie"]
[Result "1-0"]
[WhiteElo "2289"]
[BlackElo "2341"]
[Annotator "TA"]
[PlyCount "79"]
[EventDate "2022.01.15"]
[EventType "tourn"]
[EventCountry "CZE"]
[SourceTitle "playchess.com"]
[Source "ChessBase"]
[SourceQuality "1"]

{[%evp 9,79,-2,-9,-19,-9,0,33,11,6,17,7,-4,52,55,49,-14,0,-21,-37,-24,15,13,33,0,99,94,174,64,68,72,66,47,132,150,186,186,185,49,56,12,21,26,101,100,114,99,112,119,99,107,77,113,108,107,258,121,155,120,236,231,222,223,340,323,3358,2751,12839,12839,12840,12840,12841,12840]} 1. Nf3 d5 2. c4 d4 3. b4 f6 4. e3 e5 5. c5 a5 6. Qa4+ {A09: Réti Opening: 1 Nf3 d5 2 c4.} Bd7 (6... Qd7 $5 {[%cal Rd7a4]} 7. b5 Bxc5 $15) 7. b5 $1 dxe3 8. fxe3 {Threatens to win with Bc4. White is slightly better.} Bxc5 9. Bc4 Nh6 {[#]} 10. O-O $146 ({Predecessor:} 10. Nc3 Bf5 11. Bd5 c6 12. bxc6 bxc6 13. Bxc6+ Bd7 14. Bxd7+ Nxd7 15. Rb1 Nf7 16. Ne4 {1-0 (30) Huerga Leache,M (2443)-Iruzubieta Villaluenga,J (2426) Getxo 2017}) 10... Bd6 (10... Bg4 $11) 11. Nc3 $14 {[%mdl 1024] White has compensation.} Bg4 12. d4 ({White should play} 12. Ne4 $14) 12... Nd7 13. Qc2 Nb6 14. Bb3 Qd7 (14... Bxf3 $5 15. Rxf3 f5 $11) 15. dxe5 fxe5 16. Ng5 a4 (16... Be7 $11 {keeps the balance.} 17. Nf3 Rf8) 17. Bf7+ Kd8 (17... Nxf7 $2 18. Rxf7 Qd8 19. Nce4 $18) (17... Ke7 $16) 18. h3 ({White must play} 18. Nce4 $18) 18... Bf5 {[#]} 19. e4 $1 {[%cal Rf1f5]} Nxf7 20. exf5 Bc5+ (20... Nxg5 $1 $14 21. Bxg5+ Kc8) 21. Kh1 $1 $16 Nxg5 22. Bxg5+ Kc8 23. Ne4 (23. Rad1 $18 Bd4 24. f6) 23... Bd4 $1 $14 24. Rac1 (24. Rab1 $1 $14 {might be stronger.}) 24... Kb8 25. Nc5 Bxc5 (25... Qxb5 $11 {remains equal.} 26. Ne6 Nd5) 26. Qxc5 $16 Ra5 27. Rfd1 $40 {[%mdl 128] White attacks with force. White is much more active. Black has bad knights.} Rxb5 28. Rxd7 Rxc5 29. Rxg7 Rxc1+ 30. Bxc1 {[%mdl 4096] Endgame KRB-KRN} Nd5 31. g4 $1 {[%cal Bg2g4,Bg4g5][%mdl 32] And now g5 would win.} e4 $2 {[#]} (31... b5 $16 {might work better.}) 32. Kg2 (32. g5 $1 $18 {and the rest is easy.}) 32... e3 {[#]} 33. g5 {Strongly threatening f6.} ({Worse is} 33. Kf3 Re8 $11) 33... e2 (33... Rf8 $16) 34. Kf2 $18 {Black must now prevent f6.} Re8 35. Bd2 {f6 is the strong threat.} Nf4 (35... e1=Q+ $142 36. Bxe1 Rf8) 36. f6 {[%cal Bf5f6,Bf6f7][%mdl 32]} ({Less strong is} 36. Rxh7 Nd3+ 37. Kf3 e1=Q $16) 36... Nxh3+ $2 (36... Ne6) 37. Ke1 {aiming for f7. White is clearly winning.} Ng1 38. f7 Rc8 39. Rg8 {White wants to mate with Be3.} Nf3+ 40. Kf2 {Weighted Error Value: White=0.25 (precise) /Black=0.35} 1-0

[Event "Marienbad IM-II 2022"]
[Site "Marianske Lazne"]
[Date "2022.01.19"]
[Round "6.16"]
[White "Hari Charan Sai Kalluri"]
[Black "Klek, Hanna Marie"]
[Result "1/2-1/2"]
[WhiteElo "2160"]
[BlackElo "2341"]
[Annotator "RC"]
[PlyCount "31"]
[EventDate "2022.01.15"]
[EventType "tourn"]
[EventCountry "CZE"]
[SourceTitle "playchess.com"]
[Source "ChessBase"]
[SourceQuality "1"]
[TimeControl "40/5400+30:1800+30"]

1. d4 {[%emt 0:05:44]} d5 {[%emt 0:00:03]} 2. Nf3 {[%emt 0:00:41]} Nf6 {[%emt 0:00:05]} 3. c4 {[%emt 0:00:40]} e6 {[%emt 0:00:08]} 4. Bg5 {[%emt 0:01:22]} h6 {[%emt 0:02:54]} 5. Bh4 {[%emt 0:02:15]} dxc4 {[%emt 0:03:33]} 6. Qa4+ {[%emt 0:04:02]} Nbd7 {[%emt 0:02:15]} 7. Nc3 {[%emt 0:03:11]} c6 {[%emt 0:04:06]} 8. Qxc4 {[%emt 0:00:52]} Bd6 {[%emt 0:08:00]} 9. e4 {[%emt 0:19:51]} e5 {[%emt 0:01:21]} 10. Bg3 {[%emt 0:05:28]} Qe7 {[%emt 0:02:44]} 11. O-O-O {[%emt 0:07:46]} O-O {[%emt 0:01:15]} 12. dxe5 {[%emt 0:01:10]} Bxe5 {[%emt 0:03:57]} 13. Nxe5 {[%emt 0:02:58]} Nxe5 {[%emt 0:00:07]} 14. Qd4 {[%emt 0:00:26]} Re8 {[%emt 0:02:55]} 15. f4 {[%emt 0:18:44]} Ng6 {[%emt 0:00:48]} 16. e5 {[%emt 0:05:06]} 1/2-1/2

[Event "Marienbad IM-II 2022"]
[Site "Marianske Lazne"]
[Date "2022.01.19"]
[Round "6.17"]
[White "Richter, Nils"]
[Black "Vojta, Jakub"]
[Result "1/2-1/2"]
[WhiteElo "2270"]
[BlackElo "2289"]
[Annotator "TA"]
[PlyCount "62"]
[EventDate "2022.01.15"]
[EventType "tourn"]
[EventCountry "CZE"]
[SourceTitle "playchess.com"]
[Source "ChessBase"]
[SourceQuality "1"]

{[%evp 18,62,46,51,57,39,77,61,165,186,178,113,127,127,103,91,104,21,76,65,78,79,128,54,58,48,186,183,186,182,195,172,196,0,0,0,0,0,0,0,0,0,0,0,0,0,0]} 1. d4 Nf6 2. c4 g6 3. g3 Bg7 4. Bg2 O-O 5. Nc3 d6 6. Nf3 Nbd7 7. O-O c6 8. e4 Qc7 9. h3 e5 10. Re1 a6 {E69: King's Indian: Fianchetto: 6...Nbd7 7 0-0 e5 8 e4 c6 9 h3.} 11. Be3 Ne8 12. Qc2 {[#]} f5 $146 ({Black should play} 12... b5 $14) ({Predecessor:} 12... exd4 13. Nxd4 Ne5 14. b3 Nd7 15. Rad1 Nc5 16. b4 Ne6 17. Nxe6 Bxe6 18. c5 Rd8 {1-0 (33) Daeschler,F (2322)-Joly,F (1957) Europe Echecs INT 2020}) 13. exf5 $18 gxf5 14. dxe5 (14. Ng5 $18) 14... dxe5 15. Ng5 Qd6 {Prevents Ne6.} 16. c5 {White is much more active. Black has bad knights.} Qg6 17. Kh2 (17. Rad1 $16) 17... Kh8 (17... f4 $11 {remains equal.} 18. Qxg6 hxg6 19. gxf4 exf4 20. Bxf4 Rxf4 21. Rxe8+ Rf8 22. Rxf8+ Nxf8) 18. f4 $36 {[%mdl 2048] White fights for an advantage.} e4 {[#]} 19. Ncxe4 {aiming for Nd2.} h6 {[#]} 20. Nf3 ({White should try} 20. Nd2 $1 $16) 20... fxe4 $14 21. Nh4 $1 {[%csl LRe4,LRg6]} Qh5 (21... Qf7 $1 $14) 22. Bxe4 $18 Ndf6 23. Bf3 Qf7 24. Bf2 Be6 25. Rxe6 $2 Qxe6 $11 {The position is equal.} 26. Re1 Qxa2 27. Ng6+ Kg8 28. Ne7+ Kh8 29. Ng6+ Kg8 30. Ne7+ Kh8 31. Ng6+ Kg8 {Weighted Error Value: White=0.27 (precise) /Black=0.31} 1/2-1/2

[Event "Marienbad IM-II 2022"]
[Site "Marianske Lazne"]
[Date "2022.01.19"]
[Round "6.18"]
[White "Pisk, Petr"]
[Black "Ochedzan, Tymon"]
[Result "1-0"]
[WhiteElo "2328"]
[BlackElo "2350"]
[Annotator "TA"]
[PlyCount "65"]
[EventDate "2022.01.15"]
[EventType "tourn"]
[EventCountry "CZE"]
[SourceTitle "playchess.com"]
[Source "ChessBase"]
[SourceQuality "1"]

{[%evp 9,64,-2,13,8,2,-7,22,-22,0,-21,0,-7,0,-65,-62,-87,-10,-70,-59,-74,-81,-65,-69,-75,-75,-75,-56,-53,-52,-83,-80,-79,-78,-78,-78,-89,-60,-145,-144,-174,-89,-89,-89,-89,-59,-59,-56,-74,106,106,643,639,639,637,29997,29998,29999]} 1. d4 Nf6 2. Nf3 c5 3. e3 g6 4. c3 b6 5. Bd3 Bb7 6. O-O {A48: 1 d4 Nf6 2 Nf3 g6: Torre, London and Colle Systems.} Bg7 7. Qe2 O-O 8. Nbd2 (8. e4 {should be considered.}) 8... d6 9. h3 Nbd7 {[#]} 10. a4 $146 ({Predecessor:} 10. b3 Rc8 11. Bb2 Qc7 12. Rac1 Qb8 13. Rfe1 e6 14. c4 cxd4 15. exd4 d5 16. Ne5 {½-½ (33) Tqebuchava,Z (2303)-Sinitsina,A (2057) Chess.com INT 2021}) 10... a6 11. a5 (11. e4 $11) 11... b5 $15 ({Reject} 11... bxa5 12. e4 $11) 12. Re1 Qc7 (12... e5 $17 {Threatens to win with ...e4.} 13. dxe5 dxe5) 13. c4 (13. e4 $1 $11) 13... bxc4 14. Nxc4 Bxf3 15. Qxf3 d5 16. Nb6 Nxb6 17. axb6 Qxb6 18. dxc5 Qxc5 19. Rxa6 Rxa6 20. Bxa6 Rb8 21. Bd3 {[%cal Ba6d3,Bd3b1,Bb1e4][%mdl 32]} Nd7 22. e4 Bd4 {White must now prevent ...Ne5.} 23. Rf1 ({But not} 23. exd5 $2 Ne5 24. Qf4 Bxf2+ $1 {[%mdl 512]} 25. Qxf2 Qxf2+ 26. Kxf2 Nxd3+ 27. Kf1 Nxe1 28. Kxe1 Rd8 $19) ({White should play} 23. Qe2 $15) 23... Ne5 $17 ({Inferior is} 23... Bxb2 24. Bf4 Ne5 25. Qg3 dxe4 26. Bxe4 $17) 24. Qf4 Rb4 (24... Rb6 $1 $19 25. Qd2 Bxf2+ $1 {[%mdl 512]} 26. Kh1 Bd4) 25. Bb1 dxe4 26. Bxe4 Nd7 27. Bd2 Rxb2 28. Rc1 $1 {[%cal Bf1c1,Bc1c8,Bc8f8][%mdl 32]} Bxf2+ {[#]} 29. Kf1 $16 Qd6 {[%mdl 8192] Black cannot hold the game after this.} (29... Qa7 $16 30. Bd5 {[#]} e6 $1) 30. Qxd6 $18 exd6 31. Rc8+ Nf8 32. Bh6 {[%csl Gh6][%cal Rc8f8]} Bc5 33. Rxf8# {Weighted Error Value: White=0.19 (very precise) /Black=0.77} 1-0

[Event "Marienbad IM-II 2022"]
[Site "Marianske Lazne"]
[Date "2022.01.19"]
[Round "6.19"]
[White "Michalek, Jan"]
[Black "Meszaros, Andras"]
[Result "1/2-1/2"]
[WhiteElo "2240"]
[BlackElo "2205"]
[Annotator "ChessBase"]
[PlyCount "37"]
[EventDate "2022.01.15"]
[EventType "tourn"]
[EventCountry "CZE"]
[SourceTitle "playchess.com"]
[Source "ChessBase"]
[SourceQuality "1"]
[TimeControl "40/5400+30:1800+30"]

1. e4 {[%emt 0:00:03]} c5 {[%emt 0:00:08]} 2. Nf3 {[%emt 0:00:06]} g6 {[%emt 0:00:09]} 3. c3 {[%emt 0:00:29]} Bg7 {[%emt 0:00:15]} 4. d4 {[%emt 0:00:17]} cxd4 {[%emt 0:00:07]} 5. cxd4 {[%emt 0:00:06]} d5 {[%emt 0:00:07]} 6. e5 {[%emt 0:00:09]} Nc6 {[%emt 0:00:19]} 7. h3 {[%emt 0:00:37]} f6 {[%emt 0:01:09]} 8. exf6 {[%emt 0:02:27]} exf6 {[%emt 0:00:30]} 9. Nc3 {[%emt 0:00:42]} Nge7 {[%emt 0:00:09]} 10. Be2 {[%emt 0:01:22]} O-O {[%emt 0:00:12]} 11. O-O {[%emt 0:00:17]} a6 {[%emt 0:00:46]} 12. Re1 {[%emt 0:15:40]} b5 {[%emt 0:00:35]} 13. Bf1 {[%emt 0:04:28]} Qd6 {[%emt 0:02:45]} 14. a3 {[%emt 0:01:33]} Re8 {[%emt 0:02:40]} 15. b4 {[%emt 0:11:54]} Bf5 {[%emt 0:00:54]} 16. Qb3 {[%emt 0:01:27]} Kh8 {[%emt 0:00:32]} 17. Bb2 {[%emt 0:06:13]} Rad8 {[%emt 0:04:59]} 18. Rad1 {[%emt 0:00:41]} g5 {[%emt 0:02:37]} 19. g3 {[%emt 0:07:42]} 1/2-1/2

[Event "Marienbad IM-II 2022"]
[Site "Marianske Lazne"]
[Date "2022.01.19"]
[Round "6.20"]
[White "Bomans, Arno"]
[Black "Acor, Corey"]
[Result "0-1"]
[WhiteElo "2246"]
[BlackElo "2303"]
[Annotator "TA"]
[PlyCount "88"]
[EventDate "2022.01.15"]
[EventType "tourn"]
[EventCountry "CZE"]
[SourceTitle "playchess.com"]
[Source "ChessBase"]
[SourceQuality "1"]

{[%evp 14,88,66,51,65,57,50,53,90,64,79,63,73,78,87,84,97,94,96,90,97,84,123,114,113,129,116,91,85,113,134,116,234,0,0,0,0,-20,0,-24,-23,-26,0,-19,-8,-18,-12,-18,0,0,0,0,0,0,0,0,0,0,21,-63,-62,-66,-12,-45,-48,-60,-43,-432,-421,-548,-434,-567,-567,-558,-508,-621,-610]} 1. d4 Nf6 2. Bg5 Ne4 3. Bf4 c5 4. f3 Qa5+ 5. c3 Nf6 6. d5 d6 7. e4 g6 8. Na3 Bg7 {A45: Trompowsky Attack.} 9. Nc4 Qd8 10. a4 b6 {White is slightly better.} 11. Qd2 O-O 12. Ne2 {[%cal Bg1e2,Be2g3,Bg3h1,Bh1f2][%mdl 32]} Re8 13. Ng3 {[#]} h5 $146 ({Predecessor:} 13... Na6 14. Be2 Nc7 15. O-O Nd7 16. Kh1 Rb8 17. Rfe1 Bb7 18. Bf1 a6 19. h3 b5 {1-0 (76) Sole Gonzalez,E (1998)-Rodon Balcells,J (1817) Lleida 2019}) 14. Be2 Nbd7 15. O-O a6 16. Nh1 Bb7 17. Nf2 Nh7 18. Bh6 Bxh6 19. Qxh6 b5 20. Ne3 {Strongly threatening f4.} c4 21. f4 e5 22. Bxh5 exf4 {[#]} (22... gxh5 $16 23. Nf5 Qf6) 23. Qxf4 $2 gxh5 $11 24. Nf5 Ne5 $1 25. Nh3 {And now Qg3+ would win.} Kh8 {White must now prevent ...Bc8.} 26. Qh6 {[%csl Gf5,LRd6,LRh5][%cal Rh6g7]} Rg8 {To avoid Qg7+. aiming for ...Bc8.} 27. Qxd6 ({Not} 27. Nxd6 $2 Qb6+ 28. Kh1 Rg6 29. Nxf7+ Nxf7 30. Qxh5 Rf8 31. axb5 {[#]} Rh6 $1 $19) 27... Qxd6 28. Nxd6 Bc8 {Prevents Rf5. Hoping for ...Bxh3.} 29. Nf4 Rd8 30. Nxc8 Raxc8 31. Nxh5 Rc7 32. Rf5 Nd3 33. axb5 axb5 34. Ra6 Kg8 35. Rb6 b4 36. Nf4 (36. cxb4 $11 Nxb2 37. Rc6) 36... bxc3 $1 $15 37. bxc3 Re8 (37... Re7 $15 38. Nxd3 cxd3) 38. d6 Ra7 {( -> ...Ra1+)} 39. Nxd3 cxd3 40. Rd5 $2 {[%mdl 8192]} ({White should play} 40. Rb2 $15) 40... Nf6 $19 {Black is clearly winning.} 41. Rxd3 Ra1+ 42. Kf2 Nxe4+ ({Stronger than} 42... Ra2+ 43. Ke3 $11) 43. Ke2 Nxd6+ 44. Kf3 Nc4 {Quite a comeback for Black.  Weighted Error Value: White=0.48/Black=0.10 (very precise)} 0-1

[Event "Marienbad IM-II 2022"]
[Site "Marianske Lazne"]
[Date "2022.01.20"]
[Round "7.16"]
[White "Acor, Corey"]
[Black "Hari Charan Sai Kalluri"]
[Result "1-0"]
[WhiteElo "2303"]
[BlackElo "2160"]
[Annotator "TA"]
[PlyCount "61"]
[EventDate "2022.01.15"]
[EventType "tourn"]
[EventCountry "CZE"]
[SourceTitle "playchess.com"]
[Source "ChessBase"]
[SourceQuality "1"]

{[%evp 16,61,-3,-3,0,-17,-4,-16,-10,-36,-19,-29,-39,-33,-32,-31,-22,-40,-43,-39,0,0,0,0,0,0,0,0,33,20,59,65,54,66,67,60,54,30,37,40,132,151,434,427,512,509,535,379]} 1. e4 c5 2. Nc3 Nc6 3. g3 g6 4. Bg2 Bg7 5. d3 e6 6. Be3 d6 7. Qd2 Rb8 8. f4 Nge7 9. Nf3 b5 {[%cal Bb7b5,Bb5b4][%mdl 32] B26: Closed Sicilian: 3 g3, lines with early Be3.} 10. d4 b4 11. Ne2 Qb6 {[#] The position is equal.} 12. dxc5 $146 ({Predecessor:} 12. e5 Nf5 13. Bf2 Ba6 14. exd6 cxd4 15. d7+ Ke7 16. Rd1 Bxe2 17. Qxe2 Rhd8 18. g4 {1-0 (31) Zabrocki,P (1923)-Ireland,D (1930) Telford 2019}) 12... dxc5 13. e5 Ba6 {aiming for ...Rd8.} 14. Nc1 {[#] Hoping for Qf2.} Nf5 15. Nb3 {To avoid Ncd4} Rd8 16. Qf2 Nxe3 17. Qxe3 c4 {[%csl LRb3,LRe3]} 18. Qxb6 (18. Nc5 $2 Bf8 19. Nd2 Bxc5 $19) 18... axb6 19. Nbd2 c3 20. bxc3 bxc3 21. Ne4 O-O (21... Nb4 $5 {[%cal Rb4c2]} 22. Kf2 Nxc2 $11) 22. Rb1 {[%cal Ba1b1,Bb1b6,Bb6b4,Bb4a4,Ba4c4][%mdl 32] Inhibits Nb4.} Nd4 23. Nxd4 ({Reject} 23. Nxc3 Nxc2+ 24. Kf2 Rd3 25. Rxb6 Bc4 $11) 23... Rxd4 24. Rxb6 Bc4 {[#] Strongly threatening ...Bd5.} 25. Rb4 Rc8 26. Nxc3 Bf8 {A strong pair of Bishops.} 27. Ra4 Bc5 (27... Rd7 $14) 28. Ne4 $16 {Threatens to win with c3.} Bb6 $2 (28... Rcd8 $16 {might work better.} 29. Bf3 (29. Nxc5 Rd1+ 30. Kf2 R1d2+ 31. Kf3 Rxc2 $16) 29... Bb5) 29. Nd6 $18 {White is clearly winning.} Rc5 30. c3 ({Weaker is} 30. Nxc4 Rcxc4 31. Rxc4 Rxc4 $16) 30... Rd3 31. Rxc4 {Weighted Error Value: White=0.04 (flawless) /Black=0.36} 1-0